Top 50 MCs (Rappers) of All-Time - Statistics

General Stats
  • This quiz has been taken 1,062 times
  • The average score is 16 of 50
Answer Stats
# Answer % Correct
5 2Pac
93%
7 Eminem
91%
3 The Notorious B.I.G.
89%
4 Jay-Z
83%
1 Nas
78%
41 Snoop Dogg
77%
10 Ice Cube
73%
37 Kanye West
73%
39 Kendrick Lamar
71%
13 Andre 3000
52%
2 Rakim
49%
24 LL Cool J
40%
42 DMX
36%
28 Ghostface Killah
36%
17 GZA/Genius
35%
23 Big L
31%
20 Redman
31%
25 Big Pun
30%
34 Raekwon
30%
18 Lauryn Hill
28%
36 Busta Rhymes
27%
14 Mos Def
26%
19 Common
25%
9 Big Daddy Kane
24%
12 KRS-One
24%
48 Prodigy
24%
38 Q-Tip
24%
11 Slick Rick
21%
44 T.I.
21%
6 Scarface
20%
16 Black Thought
19%
15 Chuck D
16%
46 Jadakiss
16%
29 Talib Kweli
14%
8 Kool G. Rap
13%
35 Lupe Fiasco
13%
27 AZ
12%
40 Queen Latifah
12%
31 Royce da 5.9
12%
49 Guru
11%
32 Canibus
10%
45 Bun B
9%
30 Killer Mike
9%
33 Kool Moe Dee
9%
26 MC Lyte
9%
22 Masta Ace
7%
21 Pharoahe Monch
5%
43 Beanie Sigel
3%
50 Gift of Gab
2%
47 Posdnous
1%
No matching quizzes found
Score Distribution
Percent of People with Each Score
Percentile by Number Answered
Your Score History
You have not taken this quiz